West Bank and Gaza economic performance, prospects, and policies

Guardado en:
Detalles Bibliográficos
Formato: Libro
Lenguaje:inglés
Publicado: Washington, D.C. IMF 2001
Materias:
Etiquetas: Agregar Etiqueta
Sin Etiquetas, Sea el primero en etiquetar este registro!

MARC

LEADER 00000nam$a2200000$$$4500
001 0007148
005 20221129101243.7
020 |a 1-58906-035-0 
041 0 |a eng 
044 |a US 
245 1 0 |a West Bank and Gaza  |b economic performance, prospects, and policies 
264 1 |a Washington, D.C.  |b IMF  |c 2001 
300 |a 134 s. 
610 2 0 |a situácia hospodárska 
610 2 0 |a Palestína 
610 2 0 |a rozvoj hospodársky 
610 2 0 |a kríza 
610 2 0 |a rast hospodársky dlhodobý 
610 2 0 |a náklady transakčné 
610 2 0 |a obchod 
610 2 0 |a politika obchodná 
610 2 0 |a politika fiškálna 
610 2 0 |a kurz devízový 
610 2 0 |a kurz výmenný 
610 2 0 |a West Bank 
610 2 0 |a Gaza